| 000 | 00468nam a2200157 i 4500 | ||
|---|---|---|---|
| 001 | 38230 | ||
| 003 | ES-MaACL | ||
| 005 | 20230906155725.0 | ||
| 007 | t| | ||
| 008 | 030225s1969 sp ||||1| spa d | ||
| 100 | 1 |
_aBurgaleta, Jesús. _932613 |
|
| 245 | 1 | 0 |
_aMonicions para la Nueva Misa _b: (ciclo B) / _cJesús T. Burgaleta Clemos. |
| 260 |
_aMadrid : _bPropaganda Popular Católica, _c[1969] |
||
| 300 |
_a425 p. ; _c19 cm. |
||
| 852 |
_aES-MaACL _jC-51580 _bR.72127 |
||
| 999 |
_c38230 _d38230 |
||